000 00479nmm a2200169Ia 4500
008 251105s9999||||xx |||||||||||||||||und||
020 _a9789568601935
041 _aspa
100 _aJeftanovic, Andrea
245 0 _aNo aceptes caramelos de extraños
264 _a[Santiago de Chile, Chile] :
_bUqbar,
_c2011
300 _a142 páginas
490 _aCuentos
650 _aLatin American narrative
856 _uhttps://public.digitaliapublishing.com/a/21293
942 _cCF
999 _c94753
_d94753